[Event "1. Wittelsbacher Weihnachts-Schach-Open"]
[Site "Kelheim"]
[Date "2012.12.27"]
[Round "3.42"]
[White "Barani, Christian"]
[Black "Pritschet, Lena"]
[Result "1-0"]
[WhiteElo "1150"]
[BlackElo "954"]
[PlyCount "67"]
[EventDate "2012.??.??"]
[WhiteTeam "SC Bechhofen 1923 e.V."]
[BlackTeam "SK Kelheim 1920"]

1. e4 d5 2. exd5 Qxd5 3. Nc3 Qa5 4. Nf3 Nf6 5. Bc4 e6 6. a3 Ng4 7. Bb3 Bc5 8.
d4 Bd6 9. Bd2 Qb6 10. h3 e5 11. hxg4 Bxg4 12. Qe2 Qxd4 13. Nxd4 Bxe2 14. Ndxe2
Nc6 15. Ba4 O-O-O 16. Bxc6 bxc6 17. O-O-O f5 18. Be3 c5 19. Nb5 a6 20. Nxd6+
cxd6 21. g3 h6 22. f4 g5 23. fxg5 h5 24. Rdf1 c4 25. Rxf5 Rdf8 26. Rxf8+ Rxf8
27. Rxh5 Rf1+ 28. Kd2 d5 29. Rh8+ Kd7 30. g6 d4 31. Bh6 c3+ 32. bxc3 dxc3+ 33.
Nxc3 Ke6 34. g7 1-0

[Event "1. Wittelsbacher Weihnachts-Schach-Open"]
[Site "Kelheim"]
[Date "2012.12.28"]
[Round "4.1"]
[White "Promyshlyanskyy, Vitaliy"]
[Black "Pezerovic, Edin"]
[Result "1/2-1/2"]
[WhiteElo "2237"]
[BlackElo "2442"]
[PlyCount "26"]
[EventDate "2012.??.??"]
[WhiteTeam "SC Noris-Tarrasch Nürnberg 1873"]
[BlackTeam "Münchener SC 1836 e.V."]

1. e4 c6 2. d4 d5 3. e5 Bf5 4. Be3 e6 5. Nd2 Nd7 6. Be2 Ne7 7. Ngf3 Bg6 8. Nh4
c5 9. Nxg6 hxg6 10. Nf3 cxd4 11. Bxd4 Nc6 12. O-O Nxd4 13. Qxd4 Bc5 1/2-1/2

[Event "1. Wittelsbacher Weihnachts-Schach-Open"]
[Site "Kelheim"]
[Date "2012.12.28"]
[Round "4.2"]
[White "Weber, Daniel"]
[Black "Kantans, Toms"]
[Result "0-1"]
[WhiteElo "1866"]
[BlackElo "2355"]
[PlyCount "106"]
[EventDate "2012.??.??"]
[WhiteTeam "SC Bechhofen 1923 e.V."]

1. e4 Nf6 2. e5 Nd5 3. d4 d6 4. Nf3 Bg4 5. exd6 exd6 6. Be2 Be7 7. Nc3 Nxc3 8.
bxc3 O-O 9. O-O Nc6 10. Ne1 Bxe2 11. Qxe2 d5 12. Nd3 Na5 13. Bf4 c6 14. Rfe1
Re8 15. Qh5 Nc4 16. Ne5 Nd6 17. Ng4 Bf8 18. Rxe8 Qxe8 19. Nh6+ Kh8 20. Bxd6
Bxd6 21. Qxf7 Ba3 22. Qxe8+ Rxe8 23. Nf5 Bb2 24. Rb1 b6 25. g3 Bxc3 26. Rb3 Bd2
27. Rd3 Bc1 28. Ne3 b5 29. Kf1 h5 30. Ke2 Kh7 31. Rb3 g5 32. Kd1 Bxe3 33. fxe3
Kg6 34. Ke2 a5 35. Rc3 Re6 36. a4 bxa4 37. Rc5 Kf5 38. Rxa5 Kg4 39. h4 Kxg3 40.
hxg5 h4 41. c4 h3 42. cxd5 cxd5 43. Rxa4 h2 44. Ra1 Kg2 45. Re1 h1=Q 46. Rxh1
Kxh1 47. Kf3 Kg1 48. Kf4 Kf2 49. Kf5 Re8 50. Kf4 Re4+ 51. Kf5 Kxe3 52. g6 Kxd4
53. g7 Re8 0-1

[Event "1. Wittelsbacher Weihnachts-Schach-Open"]
[Site "Kelheim"]
[Date "2012.12.28"]
[Round "4.3"]
[White "Meskovs, Nikita"]
[Black "Maier, Alexander"]
[Result "1-0"]
[WhiteElo "2314"]
[BlackElo "2306"]
[PlyCount "105"]
[EventDate "2012.??.??"]
[BlackTeam "SK Ingolstadt"]

1. d4 d5 2. Nf3 Nc6 3. Bg5 Bg4 4. c4 f6 5. Be3 e5 6. cxd5 Qxd5 7. Nc3 Bb4 8.
dxe5 Qxd1+ 9. Rxd1 fxe5 10. a3 Bxc3+ 11. bxc3 Nf6 12. g3 Ne4 13. c4 Nd6 14. Rc1
Nf5 15. Rc3 O-O-O 16. Bg2 Nfd4 17. h3 Bh5 18. Rg1 Rhf8 19. g4 Bg6 20. Nd2 Nc2+
21. Kd1 N6d4 22. Bg5 Rd7 23. Bh4 Na1 24. e3 Ndb3 25. Bd5 Nxd2 26. Kxd2 c6 27.
Rxa1 cxd5 28. cxd5+ Kb8 29. Rac1 Rxd5+ 30. Ke2 Rd7 31. Bg3 Re7 32. Rc5 Rfe8 33.
Rxe5 Rxe5 34. Rc5 b6 35. Rxe5 Kb7 36. Rxe8 Bxe8 37. Be5 g6 38. e4 Kc6 39. f4
Kc5 40. Ke3 Kc4 41. f5 b5 42. h4 a5 43. Kf4 b4 44. axb4 axb4 45. Ba1 b3 46. Kg5
Kd3 47. e5 gxf5 48. gxf5 Ke4 49. e6 h6+ 50. Kf6 Bh5 51. e7 Kd5 52. Kg7 Be8 53.
Kf8 1-0

[Event "1. Wittelsbacher Weihnachts-Schach-Open"]
[Site "Kelheim"]
[Date "2012.12.28"]
[Round "4.4"]
[White "Berchtenbreiter, Maximilian"]
[Black "Watzenberger, Stefan"]
[Result "1-0"]
[WhiteElo "2360"]
[BlackElo "1898"]
[PlyCount "119"]
[EventDate "2012.??.??"]
[WhiteTeam "SGem Pang/Rosenheim"]
[BlackTeam "SC Sendling e.V."]

1. e4 e6 2. d3 d5 3. Nd2 Nf6 4. Ngf3 b6 5. g3 dxe4 6. dxe4 Bb7 7. Qe2 Nc6 8.
Bg2 Nb4 9. Qc4 Bc5 10. a3 Ba6 11. Qc3 Ng4 12. Rf1 Nxc2+ 13. Qxc2 Bxf1 14. Bxf1
Bxf2+ 15. Ke2 O-O 16. Nc4 Bd4 17. h3 Nf6 18. g4 c5 19. Bg5 Qc7 20. Rd1 h6 21.
Bxf6 Bxf6 22. e5 Be7 23. Qe4 Rad8 24. Rc1 Rd7 25. Ne3 Rfd8 26. Kf2 Qb7 27. Bd3
Qxe4 28. Bxe4 Bg5 29. Rc2 Bxe3+ 30. Kxe3 g5 31. Nd2 Kg7 32. Nc4 Rd4 33. Nd6
R8xd6 34. exd6 Rxd6 35. b4 cxb4 36. axb4 Rd1 37. Rc7 Ra1 38. Bc6 Kf8 39. Kd4 a5
40. b5 a4 41. Kc3 Ra3+ 42. Kb4 Rxh3 43. Rb7 Rg3 44. Rxb6 Rxg4+ 45. Kc5 Rg1 46.
Rb8+ Ke7 47. Re8+ Kf6 48. b6 Rc1+ 49. Kd6 a3 50. Ra8 Rb1 51. b7 a2 52. Rxa2 h5
53. Ra5 Rb6 54. Rb5 Rxb7 55. Bxb7 h4 56. Bg2 g4 57. Rh5 h3 58. Bxh3 gxh3 59.
Rxh3 Kg5 60. Rf3 1-0

[Event "1. Wittelsbacher Weihnachts-Schach-Open"]
[Site "Kelheim"]
[Date "2012.12.28"]
[Round "4.5"]
[White "Seifert, Werner"]
[Black "Kreuzer, Helmut"]
[Result "1/2-1/2"]
[WhiteElo "2000"]
[BlackElo "2132"]
[PlyCount "100"]
[EventDate "2012.??.??"]
[WhiteTeam "SAbt SV Weiss-BL.Allianz"]
[BlackTeam "SK Kelheim 1920"]

1. e4 c5 2. d4 cxd4 3. c3 d3 4. Bxd3 g6 5. Ne2 Bg7 6. c4 Nc6 7. Nbc3 d6 8. Be3
Nf6 9. f3 Ne5 10. Rc1 O-O 11. O-O b6 12. b3 Nxd3 13. Qxd3 Bb7 14. Rfd1 Rc8 15.
Nf4 Bh6 16. Nfd5 Bxe3+ 17. Qxe3 Nxd5 18. exd5 Re8 19. Qd4 Qc7 20. Ne4 Rcd8 21.
Re1 Bc8 22. Rc3 Bf5 23. Rce3 Bxe4 24. Rxe4 Rd7 25. Qd2 Rf8 26. Qh6 f6 27. h4
Rf7 28. Rg4 Qc5+ 29. Kh2 Rg7 30. Re2 b5 31. Qe3 Qxe3 32. Rxe3 Rc7 33. cxb5 Kf7
34. Rc4 Rb7 35. a4 Rg8 36. Rec3 Rd8 37. Rc7 Rd7 38. Rxb7 Rxb7 39. Rc6 g5 40.
Kg3 h6 41. Kg4 gxh4 42. Kf5 Rb8 43. Rc4 Rg8 44. Rxh4 Rg5+ 45. Ke4 Rxg2 46. Kd4
Rg3 47. Rxh6 Rxf3 48. Rh7+ Ke8 49. Kc4 Rf4+ 50. Kc3 Rf5 1/2-1/2

[Event "1. Wittelsbacher Weihnachts-Schach-Open"]
[Site "Kelheim"]
[Date "2012.12.28"]
[Round "4.6"]
[White "Kunz, Konstantin"]
[Black "Fernandez-Garcia, Relman"]
[Result "0-1"]
[WhiteElo "2228"]
[BlackElo "2067"]
[PlyCount "98"]
[EventDate "2012.??.??"]
[WhiteTeam "SC Kitzingen von 1905"]
[BlackTeam "SG Schwabing München Nord e.V."]

1. d4 d5 2. c4 e6 3. Nc3 Nf6 4. cxd5 exd5 5. Bg5 Be7 6. e3 c6 7. Qc2 Nbd7 8.
Bd3 O-O 9. Nf3 h6 10. Bh4 Re8 11. Bg3 Nf8 12. h3 Bd6 13. Bxd6 Qxd6 14. O-O Be6
15. Rab1 Re7 16. b4 a6 17. Na4 Rae8 18. Nc5 Bc8 19. Rfe1 N6d7 20. Rec1 Qf6 21.
Nxd7 Nxd7 22. a4 Nf8 23. Ne5 Qh4 24. Kh2 Rxe5 25. dxe5 Rxe5 26. Qe2 Nd7 27. Qf3
Nf6 28. Qg3 Ng4+ 29. Kg1 Qxg3 30. fxg3 Nxe3 31. b5 axb5 32. axb5 Bf5 33. Bxf5
Nxf5 34. b6 Nd6 35. Rc5 Re3 36. Ra5 Kf8 37. Kf2 Re6 38. g4 Ne4+ 39. Kg1 Ke7 40.
Rd1 Kd6 41. Ra8 Kc5 42. Rc8 Nd6 43. Rg8 g6 44. Rb1 d4 45. Ra8 Nb5 46. Rf1 Re7
47. Rc1+ Kxb6 48. Rd8 Re3 49. Rd1 c5 0-1

[Event "1. Wittelsbacher Weihnachts-Schach-Open"]
[Site "Kelheim"]
[Date "2012.12.28"]
[Round "4.7"]
[White "Bumes, Konrad"]
[Black "Gießmann, Stephan"]
[Result "0-1"]
[WhiteElo "1872"]
[BlackElo "2245"]
[PlyCount "76"]
[EventDate "2012.??.??"]
[WhiteTeam "SC Haar 1931"]
[BlackTeam "SK Kelheim 1920"]

1. d4 d5 2. c4 e6 3. Nc3 Nf6 4. Nf3 Be7 5. e3 O-O 6. Bd3 c5 7. dxc5 Bxc5 8. O-O
Nc6 9. a3 b6 10. b4 Be7 11. Bb2 dxc4 12. Bxc4 Qxd1 13. Rfxd1 Bb7 14. Rd2 Rfd8
15. Rad1 Rxd2 16. Rxd2 Rc8 17. Be2 Kf8 18. Kf1 Ke8 19. Bb5 a6 20. Bxc6+ Bxc6
21. Ne5 Bb7 22. f3 a5 23. bxa5 bxa5 24. Nd1 Nd5 25. Nd3 Ba6 26. Ke1 Nb6 27.
Bxg7 Bxa3 28. Bc3 a4 29. Bb4 Bxb4 30. Nxb4 Bb5 31. Ra2 Ke7 32. Nb2 Rc1+ 33. Nd1
Nc4 34. Nd3 Rb1 35. e4 Ne3 36. N3b2 Nxd1 37. Nxd1 Bc4 38. Rxa4 Rxd1+ 0-1

[Event "1. Wittelsbacher Weihnachts-Schach-Open"]
[Site "Kelheim"]
[Date "2012.12.28"]
[Round "4.8"]
[White "Winterholler, Christina"]
[Black "Fuhrmann, Max"]
[Result "0-1"]
[WhiteElo "1880"]
[BlackElo "2155"]
[PlyCount "112"]
[EventDate "2012.??.??"]
[WhiteTeam "SK Ingolstadt"]
[BlackTeam "SK Kelheim 1920"]

1. e4 c6 2. d4 d5 3. exd5 cxd5 4. c4 Nf6 5. Nc3 e6 6. a3 Be7 7. Nf3 O-O 8. Bf4
a6 9. Bd3 dxc4 10. Bxc4 b5 11. Be2 Bb7 12. O-O Nc6 13. Rc1 Nd5 14. Be3 Nxc3 15.
Rxc3 Bf6 16. Qd2 Ne7 17. Bg5 Nf5 18. Rd1 Nxd4 19. Qe1 Nxe2+ 20. Qxe2 Bd5 21.
Bxf6 Qxf6 22. Ne5 Rfc8 23. Rdc1 Rxc3 24. Rxc3 Qg5 25. f3 f6 26. Nc6 Bc4 27. Qe4
Re8 28. Qe3 Qxe3+ 29. Rxe3 Kf7 30. b3 Bd5 31. Nb4 Bb7 32. Rd3 Ke7 33. Kf2 a5
34. Nc2 e5 35. Ne3 g6 36. Rc3 Rc8 37. Rxc8 Bxc8 38. Nd5+ Kf7 39. Ke3 Bb7 40.
Nc3 Bc6 41. b4 axb4 42. axb4 Ke6 43. Kd3 Kf5 44. Ke3 Ke6 45. Kd3 f5 46. Ke3 Kd6
47. Kd3 Bd7 48. Ke2 Kc6 49. Kd3 Be6 50. Ke3 Bc4 51. Kf2 Kd6 52. Ke3 Ke6 53. Kf2
h6 54. Ke3 g5 55. Kf2 f4 56. Ne4 Kd5 0-1

[Event "1. Wittelsbacher Weihnachts-Schach-Open"]
[Site "Kelheim"]
[Date "2012.12.28"]
[Round "4.9"]
[White "Eibl, Maximilian"]
[Black "Simon, Günther"]
[Result "1-0"]
[WhiteElo "2137"]
[BlackElo "1847"]
[PlyCount "93"]
[EventDate "2012.??.??"]
[WhiteTeam "SK Kelheim 1920"]
[BlackTeam "Regensb. Turnerschaft"]

1. e4 e6 2. d4 d5 3. Nc3 Bb4 4. e5 c5 5. a3 Bxc3+ 6. bxc3 Ne7 7. Qg4 Qc7 8.
Qxg7 Rg8 9. Qxh7 cxd4 10. Ne2 Nbc6 11. f4 dxc3 12. Qd3 Bd7 13. Qxc3 Rc8 14. Ng3
d4 15. Qd2 Nd5 16. Ne4 Nxe5 17. Qxd4 Nc6 18. Qc5 b6 19. Qf2 f5 20. Ng3 Na5 21.
Ra2 Nc3 22. Rb2 Na4 23. Rb4 Nc3 24. Bd3 Nd5 25. Rb1 Nc4 26. O-O Qc5 27. Qxc5
Rxc5 28. Re1 Kf7 29. Nf1 Bc6 30. g3 Ba8 31. Kf2 Nf6 32. Ne3 Ne4+ 33. Kg1 Ncd6
34. Bb2 Rgc8 35. Rbd1 Ne8 36. Bd4 R5c7 37. Be5 Rc5 38. g4 N8f6 39. g5 Nd7 40.
Bd4 R5c7 41. h4 Ndc5 42. h5 Rg8 43. g6+ Ke8 44. Be5 Rh7 45. Be2 Ng3 46. gxh7
Nxe2+ 47. Kh2 1-0

[Event "1. Wittelsbacher Weihnachts-Schach-Open"]
[Site "Kelheim"]
[Date "2012.12.28"]
[Round "4.10"]
[White "Strobel, Christian"]
[Black "Schawacht, Max"]
[Result "1-0"]
[WhiteElo "2068"]
[BlackElo "1816"]
[PlyCount "87"]
[EventDate "2012.??.??"]
[WhiteTeam "TSV Kareth-Lappersdorf"]
[BlackTeam "SV Erkenschwick 1923 e"]

1. e4 e5 2. Nc3 Nc6 3. f4 exf4 4. Nf3 Be7 5. Bc4 Bh4+ 6. Kf1 d6 7. d4 Bg4 8.
Bxf4 Qd7 9. Bb5 a6 10. Be2 Bxf3 11. Bxf3 Bf6 12. Be3 g6 13. Kf2 Bg7 14. Rf1
Nge7 15. Kg1 O-O 16. Ne2 f5 17. c3 fxe4 18. Bxe4 d5 19. Bf3 b5 20. Qd3 Na5 21.
Rae1 Rae8 22. Bc1 c6 23. Ng3 Kh8 24. h4 Qc7 25. Bg4 Bf6 26. Bf4 Qa7 27. b4 Nc4
28. Bh6 Bg7 29. Bg5 Ne5 30. Rxf8+ Rxf8 31. Qe2 Nxg4 32. Qxg4 Ng8 33. Re6 a5 34.
bxa5 c5 35. Be3 cxd4 36. Bxd4 Bxd4+ 37. Qxd4+ Qxd4+ 38. cxd4 Rf4 39. Ne2 Rf6
40. Rxf6 Nxf6 41. a6 Nd7 42. Nc3 Nb6 43. Nxb5 Kg7 44. Nc7 1-0

[Event "1. Wittelsbacher Weihnachts-Schach-Open"]
[Site "Kelheim"]
[Date "2012.12.28"]
[Round "4.11"]
[White "Kaiser, Dominik"]
[Black "Braun, Thomas"]
[Result "0-1"]
[WhiteElo "1801"]
[BlackElo "2162"]
[PlyCount "72"]
[EventDate "2012.??.??"]
[WhiteTeam "TSV Kareth-Lappersdorf"]
[BlackTeam "FC Bayern München e.V."]

1. e4 e6 2. d4 d5 3. exd5 exd5 4. Bd3 c5 5. dxc5 Bxc5 6. Nf3 Ne7 7. O-O O-O 8.
Nc3 Nbc6 9. a3 h6 10. h3 Be6 11. Bf4 a6 12. Qd2 Qd7 13. Rae1 Rad8 14. g4 Bxg4
15. hxg4 Qxg4+ 16. Kh2 Qxf3 17. Bg3 Qg4 18. f4 Nf5 19. Qg2 Qg6 20. Bxf5 Qxf5
21. Bf2 Qxf4+ 22. Bg3 Qg5 23. Qh3 Rfe8 24. Bf4 Qg6 25. Rg1 Bxg1+ 26. Rxg1 Qf6
27. Bxh6 Qe5+ 28. Rg3 g6 29. Bg5 d4 30. Ne4 Re6 31. Bxd8 Qxe4 32. Bg5 Qxc2+ 33.
Rg2 Qf5 34. Qb3 Ne5 35. Qxb7 Nf3+ 36. Kg3 Nxg5 0-1

[Event "1. Wittelsbacher Weihnachts-Schach-Open"]
[Site "Kelheim"]
[Date "2012.12.28"]
[Round "4.12"]
[White "Zwetz, Jasmin"]
[Black "Stöckl, Stephan"]
[Result "0-1"]
[WhiteElo "1730"]
[BlackElo "2126"]
[PlyCount "20"]
[EventDate "2012.??.??"]
[WhiteTeam "TSV Kareth-Lappersdorf"]
[BlackTeam "SK Schwandorf"]

1. e4 c5 2. d4 cxd4 3. c3 dxc3 4. Nxc3 Nc6 5. Nf3 e6 6. Bc4 Qc7 7. Qe2 Nf6 8.
O-O Ng4 9. Rd1 Bc5 10. Rf1 Nd4 0-1

[Event "1. Wittelsbacher Weihnachts-Schach-Open"]
[Site "Kelheim"]
[Date "2012.12.28"]
[Round "4.13"]
[White "Kümpers, Ulrich"]
[Black "Vilsmeier, Christian"]
[Result "0-1"]
[WhiteElo "2066"]
[BlackElo "1755"]
[PlyCount "92"]
[EventDate "2012.??.??"]
[WhiteTeam "SC Tarrasch 45 München"]
[BlackTeam "DJK-Regensburg Nord e.V."]

1. d4 e6 2. c4 d5 3. Nc3 Nf6 4. Bg5 Be7 5. e3 O-O 6. Nf3 b6 7. cxd5 exd5 8. Qb3
Bb7 9. a4 Nbd7 10. a5 c5 11. a6 Bc6 12. Bb5 Bxb5 13. Qxb5 Ne4 14. Bxe7 Nxc3 15.
bxc3 Qxe7 16. O-O Rac8 17. Rfd1 Nf6 18. Rac1 Rc7 19. c4 cxd4 20. Rxd4 Rfc8 21.
g4 Qa3 22. Rcd1 Rc5 23. Qb1 Rxc4 24. Qf5 Qxa6 25. g5 Rxd4 26. Rxd4 Rc1+ 27. Kg2
Nh5 28. Ne5 Qf1+ 29. Kf3 Qh1+ 30. Kg4 Qg2+ 31. Kh4 Qxh2+ 32. Qh3 Qxe5 33. Kxh5
g6+ 34. Kh4 Rc4 35. Rxc4 dxc4 36. Qc8+ Kg7 37. f4 Qxe3 38. Qxc4 Qc5 39. Qa2 Qc7
40. Qb2+ Kg8 41. Kg4 a5 42. Qd4 b5 43. Qd5 b4 44. Qb5 Qc8+ 45. Kh4 Qf5 46. Kg3
Qxb5 0-1

[Event "1. Wittelsbacher Weihnachts-Schach-Open"]
[Site "Kelheim"]
[Date "2012.12.28"]
[Round "4.14"]
[White "Strasser, Josef"]
[Black "Seidenschwarz, Holger"]
[Result "1/2-1/2"]
[WhiteElo "1915"]
[BlackElo "1989"]
[PlyCount "60"]
[EventDate "2012.??.??"]
[WhiteTeam "Schach-Union München e.V."]
[BlackTeam "SC 1947 Beilngries"]

1. e4 e5 2. Nc3 Nc6 3. Nf3 Nf6 4. d4 exd4 5. Nxd4 Bb4 6. Nxc6 bxc6 7. Bd3 d5 8.
exd5 cxd5 9. O-O O-O 10. Bg5 c6 11. Qf3 Be7 12. h3 Be6 13. Rfe1 Rb8 14. Rab1
Qd7 15. Ne2 c5 16. Ng3 h6 17. Bd2 c4 18. Bf5 Bd6 19. Bc3 Bxg3 20. Bxf6 Bxf2+
21. Kxf2 gxf6 22. Qg4+ Kh8 23. Bxe6 fxe6 24. Qxe6 Qh7 25. Re2 Rbe8 26. Qg4
Rxe2+ 27. Qxe2 Qf5+ 28. Kg1 Qe5 29. Qd2 Kg7 30. c3 Rf7 1/2-1/2

[Event "1. Wittelsbacher Weihnachts-Schach-Open"]
[Site "Kelheim"]
[Date "2012.12.28"]
[Round "4.15"]
[White "Maurer, Heinrich"]
[Black "Meul, Willi"]
[Result "1/2-1/2"]
[WhiteElo "2131"]
[BlackElo "1856"]
[PlyCount "112"]
[EventDate "2012.??.??"]
[WhiteTeam "SK Kelheim 1920"]
[BlackTeam "SV 1925 Hürth-Berrenra"]

1. e4 c5 2. Nf3 Nc6 3. d4 cxd4 4. Nxd4 Nf6 5. Nc3 g6 6. Nxc6 dxc6 7. Qxd8+ Kxd8
8. Be3 Be6 9. f3 Bg7 10. O-O-O+ Kc8 11. Na4 Nd7 12. b3 Rd8 13. Be2 Kc7 14. g4
b5 15. Nb2 a5 16. a4 Bxb2+ 17. Kxb2 bxa4 18. bxa4 Rab8+ 19. Ka3 Ne5 20. Bd4 f6
21. g5 Rf8 22. Bc5 Rbe8 23. f4 Nc4+ 24. Bxc4 Bxc4 25. gxf6 Rxf6 26. Bd4 Rff8
27. Be5+ Kc8 28. Rd4 Ba6 29. Rb1 Bb7 30. h4 Rd8 31. Rbd1 Rxd4 32. Rxd4 Rd8 33.
Rxd8+ Kxd8 34. Bc3 Kd7 35. Bxa5 c5 36. e5 h5 37. Bb6 Kc6 38. a5 e6 39. Kb3 Kd5
40. Kc3 Ba6 41. Kd2 Kd4 42. Bd8 Kc4 43. c3 Bb7 44. Bb6 Kb5 45. Ke3 Bd5 46. Ba7
Bb7 47. Bb6 Bd5 48. Bd8 Bb7 49. Kd3 Bd5 50. Bb6 Bc4+ 51. Ke3 Bd5 52. Bd8 Kc4
53. Be7 Kb5 54. a6 Kxa6 55. Bxc5 Kb5 56. Kd4 Bb3 1/2-1/2

[Event "1. Wittelsbacher Weihnachts-Schach-Open"]
[Site "Kelheim"]
[Date "2012.12.28"]
[Round "4.16"]
[White "Schmitz, Björn"]
[Black "Kues, Manuel"]
[Result "1/2-1/2"]
[WhiteElo "1629"]
[BlackElo "2002"]
[PlyCount "90"]
[EventDate "2012.??.??"]
[WhiteTeam "SV Saal/Donau e.V.SAbt"]
[BlackTeam "TSV Kareth-Lappersdorf"]

1. d4 Nf6 2. c4 g6 3. Nc3 Bg7 4. e4 d6 5. Nf3 O-O 6. Be2 e5 7. O-O Nc6 8. d5
Ne7 9. Ne1 Ne8 10. Nd3 f5 11. f3 f4 12. c5 g5 13. Bd2 Nf6 14. Rc1 h5 15. cxd6
cxd6 16. Nf2 Bd7 17. Bb5 Rc8 18. Qe2 Kh7 19. Bxd7 Qxd7 20. Qb5 a6 21. Qxd7 Nxd7
22. Nd3 Bf6 23. a3 Ng6 24. Na2 Bd8 25. Bb4 Bb6+ 26. Kh1 Bc5 27. Bxc5 dxc5 28.
b3 g4 29. Rc2 Nh4 30. Nac1 Rg8 31. Ne1 b5 32. Ncd3 a5 33. Nb2 Rc7 34. Rc1 Rgc8
35. Rf2 c4 36. bxc4 bxc4 37. Rfc2 Nb6 38. Rc3 Kg7 39. Kg1 Kf6 40. Kf2 Ke7 41.
a4 Kd7 42. Nc2 Rg8 43. Ne1 Rgc8 44. Nc2 Rg8 45. Ne1 Rgc8 1/2-1/2

[Event "1. Wittelsbacher Weihnachts-Schach-Open"]
[Site "Kelheim"]
[Date "2012.12.28"]
[Round "4.17"]
[White "Schindler, Gernot"]
[Black "Braun, Kristin"]
[Result "1-0"]
[WhiteElo "2023"]
[BlackElo "1836"]
[PlyCount "113"]
[EventDate "2012.??.??"]
[WhiteTeam "SK Kelheim 1920"]
[BlackTeam "SC Forchheim e.V."]

1. c4 Nf6 2. g3 g6 3. Nc3 Bg7 4. Bg2 d6 5. Nf3 O-O 6. O-O e5 7. d3 Nc6 8. Bg5
Be6 9. Qd2 Re8 10. Nd5 Bxd5 11. cxd5 Ne7 12. e4 c6 13. dxc6 Nxc6 14. Rfe1 Rc8
15. d4 exd4 16. Nxd4 Nxd4 17. Qxd4 b6 18. Rad1 Nh5 19. Bxd8 Bxd4 20. Rxd4 Rcxd8
21. Red1 Re6 22. f4 f6 23. Bf1 Kf8 24. Kf2 Rde8 25. Kf3 Rd8 26. Bc4 Re7 27.
Rxd6 Rxd6 28. Rxd6 Rc7 29. b3 Ke7 30. e5 fxe5 31. fxe5 Ng7 32. g4 Ne8 33. Rd5
Ng7 34. Rd6 Ne8 35. Rd2 Rc5 36. Ke4 Nc7 37. a4 a6 38. Bg8 h5 39. Rd6 b5 40.
Rxg6 hxg4 41. Rg7+ Kf8 42. Rxg4 bxa4 43. bxa4 Ra5 44. Kf5 Nd5 45. Bxd5 Rxd5 46.
Kf6 Rd2 47. h4 Rf2+ 48. Ke6 Rh2 49. Rd4 Ra2 50. Kd7 Rg2 51. e6 Rg7+ 52. Kd8 Ra7
53. e7+ Rxe7 54. Rf4+ Rf7 55. Rxf7+ Kxf7 56. Kc7 Kg6 57. Kb6 1-0

[Event "1. Wittelsbacher Weihnachts-Schach-Open"]
[Site "Kelheim"]
[Date "2012.12.28"]
[Round "4.18"]
[White "Häusler, Florian"]
[Black "Weigert, Wilhelm"]
[Result "0-1"]
[WhiteElo "1514"]
[BlackElo "2024"]
[PlyCount "40"]
[EventDate "2012.??.??"]
[WhiteTeam "TSV Kareth-Lappersdorf"]
[BlackTeam "SK Kelheim 1920"]

1. d4 Nf6 2. c4 c5 3. Nc3 cxd4 4. Qxd4 Nc6 5. Qd1 g6 6. e4 d6 7. f3 Bg7 8. Be3
O-O 9. Qd2 Bd7 10. Nge2 Rc8 11. Bh6 Ne5 12. b3 Nd3+ 13. Qxd3 Bxh6 14. g4 Bg7
15. h4 Qa5 16. a3 Be6 17. Kd1 Nd7 18. Ra2 Nc5 19. Qc2 Nxb3 20. Rb2 Bxc4 0-1

[Event "1. Wittelsbacher Weihnachts-Schach-Open"]
[Site "Kelheim"]
[Date "2012.12.28"]
[Round "4.19"]
[White "Dietl, Harald"]
[Black "Seitner, Ralf"]
[Result "0-1"]
[WhiteElo "1805"]
[BlackElo "1877"]
[PlyCount "90"]
[EventDate "2012.??.??"]
[WhiteTeam "SK Abensberg"]
[BlackTeam "SK Neumarkt e.V."]

1. f4 Nf6 2. Nf3 c5 3. e3 Nc6 4. Be2 Qc7 5. O-O g6 6. c3 d6 7. d4 Bh6 8. Nbd2
e5 9. Nc4 e4 10. Ng5 O-O 11. Qe1 Bg7 12. Nd2 Bf5 13. Qh4 h6 14. Nh3 Qd7 15. Nf2
cxd4 16. cxd4 Nxd4 17. exd4 e3 18. Nb3 exf2+ 19. Qxf2 Rac8 20. Bd1 Rc4 21. Nd2
Rc7 22. h3 Rfc8 23. Bb3 Bc2 24. Re1 Bxb3 25. Nxb3 Nd5 26. Be3 Rc2 27. Re2 Qf5
28. Rc1 Nxe3 29. Qxe3 Bxd4 30. Nxd4 Rxc1+ 31. Kh2 Qf6 32. Nb5 R8c4 33. f5 Qxf5
34. Nxd6 Qf4+ 35. Qxf4 Rxf4 36. Nxb7 Rfc4 37. Re8+ Kg7 38. Nd6 Rd4 39. Nb5 Rb4
40. Nxa7 Rxb2 41. a4 Ra1 42. Re4 Raa2 43. Rg4 h5 44. Rg3 h4 45. Rg4 f5 0-1

[Event "1. Wittelsbacher Weihnachts-Schach-Open"]
[Site "Kelheim"]
[Date "2012.12.28"]
[Round "4.20"]
[White "Müller, Johannes"]
[Black "Arnold, Sebastian"]
[Result "1/2-1/2"]
[WhiteElo "1534"]
[BlackElo "1857"]
[PlyCount "76"]
[EventDate "2012.??.??"]
[WhiteTeam "SK Kelheim 1920"]
[BlackTeam "SK Kelheim 1920"]

1. d4 Nf6 2. c4 g6 3. Nc3 d6 4. e4 Bg7 5. Bd3 e5 6. d5 O-O 7. f3 a5 8. Be3 Na6
9. Qd2 Nd7 10. g4 Ndc5 11. h4 f5 12. gxf5 gxf5 13. Nge2 f4 14. Bf2 Kh8 15. Bc2
Bd7 16. Nb5 b6 17. O-O-O Bxb5 18. cxb5 Nb8 19. Rdg1 Nbd7 20. Rg2 Bf6 21. Qe1
Qe7 22. Rhg1 Rg8 23. Kd2 Rxg2 24. Rxg2 Rg8 25. Rxg8+ Kxg8 26. Qg1+ Qg7 27. Qh2
Nf8 28. Qh3 Ncd7 29. Nc1 Kh8 30. Nd3 Nc5 31. Nxc5 dxc5 32. Bd3 Qe7 33. Qc8 Qd8
34. Qf5 Ng6 35. h5 Nf8 36. Bf1 Qd6 37. Bh3 Kg7 38. a3 Qe7 1/2-1/2

[Event "1. Wittelsbacher Weihnachts-Schach-Open"]
[Site "Kelheim"]
[Date "2012.12.28"]
[Round "4.21"]
[White "Zhou, Wile"]
[Black "Kellner, Christian"]
[Result "1/2-1/2"]
[WhiteElo "1947"]
[BlackElo "1642"]
[PlyCount "47"]
[EventDate "2012.??.??"]
[WhiteTeam "SK Kelheim 1920"]
[BlackTeam "SK Kelheim 1920"]

1. e4 d6 2. Nc3 Nf6 3. d4 g6 4. Bg5 Bg7 5. Bc4 Nc6 6. Nge2 h6 7. Bh4 g5 8. Bg3
Nh5 9. Qd2 Nxg3 10. hxg3 e6 11. O-O-O Na5 12. Bd3 Bd7 13. d5 Qf6 14. b4 b5 15.
Bxb5 Bxb5 16. Nd4 Nc4 17. Qe2 a6 18. a4 O-O 19. axb5 axb5 20. Kb1 Na3+ 21. Kb2
Nc4+ 22. Kb1 Na3+ 23. Kc1 Nc4 24. Kb1 1/2-1/2

[Event "1. Wittelsbacher Weihnachts-Schach-Open"]
[Site "Kelheim"]
[Date "2012.12.28"]
[Round "4.22"]
[White "Grasser, Martin"]
[Black "Brack, André"]
[Result "0-1"]
[WhiteElo "1916"]
[BlackElo "1818"]
[PlyCount "72"]
[EventDate "2012.??.??"]
[WhiteTeam "Regensb. Turnerschaft"]
[BlackTeam "Regensb. Turnerschaft"]

1. e4 d6 2. d4 g6 3. Be3 Bg7 4. Nc3 e6 5. Bc4 Ne7 6. f3 O-O 7. Qd2 a6 8. a3 b5
9. Bb3 Nd7 10. h4 Nf6 11. Bh6 e5 12. h5 Nxh5 13. Rxh5 gxh5 14. Qg5 Ng6 15. Qxh5
Bxh6 16. Qxh6 Qh4+ 17. Qxh4 Nxh4 18. g3 Ng6 19. O-O-O Be6 20. Bd5 Rab8 21. Nge2
Kg7 22. f4 Bxd5 23. Nxd5 c6 24. Ne3 Rbd8 25. f5 exd4 26. Nxd4 Ne5 27. Ne2 Kh8
28. Rh1 Rg8 29. Ng2 d5 30. exd5 cxd5 31. Nef4 d4 32. Nh5 Ng4 33. Ngf4 Rd6 34.
Re1 Nf6 35. Rh1 Nxh5 36. Nxh5 Rh6 0-1

[Event "1. Wittelsbacher Weihnachts-Schach-Open"]
[Site "Kelheim"]
[Date "2012.12.28"]
[Round "4.23"]
[White "Karl, Thomas"]
[Black "Schmidt, Franz"]
[Result "0-1"]
[WhiteElo "1424"]
[BlackElo "1883"]
[PlyCount "60"]
[EventDate "2012.??.??"]
[WhiteTeam "SK Kelheim 1920"]
[BlackTeam "SK Abensberg"]

1. d4 d5 2. c4 c6 3. Nf3 Nf6 4. Nc3 a6 5. e3 Bf5 6. Be2 e6 7. O-O Bd6 8. b3 O-O
9. Bb2 Nbd7 10. Re1 Rc8 11. Rc1 Bb8 12. a4 Re8 13. c5 Qc7 14. g3 Qd8 15. Nh4
Bh3 16. b4 e5 17. b5 axb5 18. axb5 exd4 19. exd4 Ne4 20. b6 Qf6 21. Nxe4 Rxe4
22. Ng2 Rce8 23. Ne3 Rxe3 24. fxe3 Bxg3 25. hxg3 Rxe3 26. Bf3 Rxf3 27. Qe2
Rxg3+ 28. Kh1 Qh4 29. Qe8+ Nf8 30. Qe5 Be6# 0-1